[Event "LXVIII Campionato Italiano Assoluto"]
[Site "Martina Franca ITA"]
[Date "2008.12.08"]
[Round "6"]
[White "Piscopo, P."]
[Black "Shytaj, L."]
[Result "1/2-1/2"]
[WhiteElo "2380"]
[BlackElo "2472"]
[PlyCount "51"]
[EventDate "2008.12.03"]

1.e4 c5 2.Nf3 Nf6 3.Nc3 d6 4.d4 cxd4 5.Nxd4 a6 6.Bc4 e6 7.Bb3 b5 8.Qf3 Qc7 9.Bg5 Nbd7 10.0-0-0 Be7 11.Rhe1 0-0 12.Qg3 Nc5 13.Bh6 g6 14.Bxf8 Bxf8 15.a3 Bb7 16.f3 Rc8 17.Kb1 Qa5 18.Qf4 Nfd7 19.Qd2 Qb6 20.f4 Nxb3 21.cxb3 Nf6 22.e5 Ne8 23.Ne4 Bg7 24.Nxd6 Nxd6 25.exd6 Qxd6 26.Nf3 1/2-1/2

[Event "LXVIII Campionato Italiano Assoluto"]
[Site "Martina Franca ITA"]
[Date "2008.12.08"]
[Round "6"]
[White "Rombaldoni, D."]
[Black "Genocchio, D."]
[Result "1-0"]
[WhiteElo "2436"]
[BlackElo "2452"]
[PlyCount "55"]
[EventDate "2008.12.03"]

1.Nf3 c5 2.c4 Nf6 3.Nc3 Nc6 4.g3 e5 5.Bg2 Be7 6.0-0 0-0 7.Ne1 a6 8.Nc2 b5 9.d3 Rb8 10.Ne3 Nd4 11.Ned5 Nxd5 12.Nxd5 Bd6 13.e3 Ne6 14.b3 Bb7 15.f4 Nc7 16.Bb2 Nxd5 17.cxd5 f6 18.fxe5 Bxe5 19.Bxe5 fxe5 20.Qh5 Rxf1+ 21.Rxf1 Qe8 22.Qf5 d6 23.Be4 g6 24.Qf6 Rd8 25.h4 Bc8 26.h5 gxh5 27.Bf5 h6 28.Qxh6 1-0

[Event "LXVIII Campionato Italiano Assoluto"]
[Site "Martina Franca ITA"]
[Date "2008.12.08"]
[Round "6"]
[White "Caruana, F."]
[Black "Valsecchi, A."]
[Result "0-1"]
[WhiteElo "2640"]
[BlackElo "2342"]
[PlyCount "98"]
[EventDate "2008.12.03"]

1.e4 d5 2.exd5 Qxd5 3.Nc3 Qa5 4.Bc4 Nf6 5.d3 c6 6.Bd2 Qd8 7.Nf3 e6 8.Qe2 Be7 9.d4 0-0 10.0-0-0 b5 11.Bd3 b4 12.Ne4 Qd5 13.Nxf6+ Bxf6 14.Bxb4 Qxa2 15.Bxf8 Kxf8 16.c3 Nd7 17.Bb1 Qa5 18.Qc4 Ba6 19.Qa2 Qb6 20.Bd3 Bb7 21.Be4 a5 22.Kc2 Rb8 23.Qb3 Qc7 24.Qc4 c5 25.Nd2 Bg5 26.dxc5 Ne5 27.Qa4 Ba6 28.Nb3 Nc4 29.Bd3 Qf4 30.Qa2 a4 31.Nd2 Rxb2+ 32.Qxb2 Nxb2 33.Bxa6 Nxd1 34.Rxd1 Qf5+ 35.Bd3 Qxc5 36.Ne4 Qe5 37.Nxg5 Qxg5 38.g3 Qd5 39.Rb1 Qg2 40.Rf1 e5 41.Be2 Qe4+ 42.Bd3 Qd5 43.Rb1 Qg2 44.Rf1 e4 45.Be2 e3 46.Kd3 exf2 47.c4 Ke7 48.Kd4 Qxh2 49.g4 a3 0-1

[Event "LXVIII Campionato Italiano Assoluto"]
[Site "Martina Franca ITA"]
[Date "2008.12.08"]
[Round "6"]
[White "Godena, M."]
[Black "Contin, D."]
[Result "1-0"]
[WhiteElo "2517"]
[BlackElo "2318"]
[PlyCount "105"]
[EventDate "2008.12.03"]

1.e4 e6 2.d4 d5 3.Nd2 c5 4.Ngf3 a6 5.exd5 exd5 6.c4 Be6 7.cxd5 Bxd5 8.Bc4 Be7 9.0-0 Nc6 10.dxc5 Bxc5 11.Bxd5 Qxd5 12.Ne4 Rd8 13.Bg5 Be7 14.Qxd5 Rxd5 15.Rad1 Rxd1 16.Rxd1 f5 17.Nd6+ Bxd6 18.Rxd6 h6 19.Be3 Nge7 20.h4 Rf8 21.g3 Nc8 22.Rd5 Rf7 23.Ne5 Nxe5 24.Rxe5+ Kd7 25.Kg2 Ne7 26.Bc5 Nc6 27.Rd5+ Kc7 28.Kf3 b6 29.Be3 Nb4 30.Rd4 Nc6 31.Bf4+ Kb7 32.Rd6 a5 33.a4 Re7 34.Rg6 Nd4+ 35.Kg2 Nc6 36.Be3 Rf7 37.h5 Kc7 38.Bf4+ Kb7 39.Be3 Kc7 40.Bd2 Ne7 41.Bf4+ Kb7 42.Rd6 Nc6 43.Kf1 Re7 44.Be3 Kc7 45.Rd5 Re4 46.Rxf5 Rxa4 47.Rf7+ Kd6 48.Rxg7 Rb4 49.Bxh6 Rxb2 50.Bf4+ Ke6 51.h6 Rb5 52.h7 Rh5 53.Rg6+ 1-0

[Event "LXVIII Campionato Italiano Assoluto"]
[Site "Martina Franca ITA"]
[Date "2008.12.08"]
[Round "6"]
[White "Bruno, F."]
[Black "Brunello, S."]
[Result "1-0"]
[WhiteElo "2453"]
[BlackElo "2456"]
[PlyCount "93"]
[EventDate "2008.12.03"]

1.d4 Nf6 2.Nf3 e6 3.e3 b6 4.Bd3 c5 5.0-0 Bb7 6.c4 d6 7.Nc3 Nbd7 8.a3 Be7 9.b4 0-0 10.Bb2 h6 11.Qe2 Rc8 12.Rfd1 a6 13.d5 exd5 14.cxd5 b5 15.e4 Re8 16.h3 Bf8 17.Qd2 g6 18.Re1 Bg7 19.Rad1 Nb6 20.Ba1 Nc4 21.Bxc4 cxb4 22.axb4 Rxc4 23.e5 Nh5 24.Ne4 dxe5 25.Nc5 Bxd5 26.Qxd5 Qxd5 27.Rxd5 Nf4 28.Rdd1 a5 29.Nb7 Rxb4 30.Nxa5 e4 31.Bxg7 Kxg7 32.Nc6 Rb2 33.Nfe5 Re6 34.Rd7 Rf6 35.Rxe4 Ne2+ 36.Kh2 Nc3 37.Re3 Rfxf2 38.Rxf7+ Rxf7 39.Nxf7 Nd5 40.Rf3 g5 41.Nd6 Nf4 42.Nf5+ Kg6 43.Ne3 b4 44.Ne7+ Kh5 45.Rg3 b3 46.N3f5 Ne6 47.Rg4 1-0

[Event "LXVIII Campionato Italiano Assoluto"]
[Site "Martina Franca ITA"]
[Date "2008.12.08"]
[Round "6"]
[White "Garcia Palermo, C."]
[Black "Dvirnyy, D."]
[Result "1-0"]
[WhiteElo "2459"]
[BlackElo "2458"]
[PlyCount "117"]
[EventDate "2008.12.03"]

1.Nf3 Nf6 2.g3 g6 3.Bg2 Bg7 4.0-0 0-0 5.d4 d6 6.Re1 c5 7.Nc3 cxd4 8.Nxd4 Qb6 9.h3 Nc6 10.Nb3 Be6 11.e4 Bc4 12.Be3 Qd8 13.Qd2 Qd7 14.Rad1 Rfd8 15.f4 e6 16.Qf2 Qc7 17.f5 d5 18.fxe6 fxe6 19.Nd2 Rf8 20.Bf4 Qa5 21.Nxc4 dxc4 22.Qe2 Qb6+ 23.Be3 Qxb2 24.Qxc4 Nh5 25.Ne2 Qe5 26.g4 Ng3 27.Nd4 Rae8 28.Nxc6 bxc6 29.Rd7 Qc3 30.Qxc3 Bxc3 31.Bd2 Be5 32.Bh6 Rd8 33.Rxd8 Rxd8 34.Kf2 Rd4 35.Kf3 Rd7 36.Rb1 Rf7+ 37.Ke3 Bc7 38.e5 Bb6+ 39.Kd3 Rd7+ 40.Kc4 Rd4+ 41.Kb3 Ne4 42.c3 Nd2+ 43.Kc2 Nxb1 44.cxd4 Na3+ 45.Kd3 c5 46.dxc5 Bxc5 47.Bc6 Bb4 48.Be8 Be7 49.Be3 a6 50.Bd7 Kf7 51.Bc8 a5 52.Bd2 Bb4 53.Bxb4 axb4 54.g5 Ke7 55.Ba6 Kd7 56.Bc4 Nb1 57.h4 Ke7 58.Kc2 Nc3 59.Kb3 1-0